书目信息 |
| 题名: |
新六级词汇阅读串联记忆
|
|
| 作者: | 黎小说 主编 | |
| 分册: | ||
| 出版信息: | 上海 上海世界图书出版公司 2006 |
|
| 页数: | 575页 | |
| 开本: | 19cm | |
| 丛书名: | BSK大学英语四六级词汇系列 | |
| 单 册: | ||
| 中图分类: | H313.1 | |
| 科图分类: | ||
| 主题词: | 英语--词汇--记忆术--高等学校--自学参考资料 , 词汇 , 记忆术 , 英语 | |
| 电子资源: | ||
| ISBN: | 7-5062-8543-6 | |
| 000 | 00968nam0 2200289 450 | |
| 001 | 070730000361 | |
| 005 | 20071015154638.57 | |
| 010 | @a7-5062-8543-6@dCNY16.80 | |
| 035 | @a003389052 | |
| 100 | @a20070104d2006 em y0chiy0110 ea | |
| 101 | 0 | @achi@aeng |
| 102 | @aCN@b310000 | |
| 105 | @ay z 000yy | |
| 200 | 1 | @a新六级词汇阅读串联记忆@Axin liu ji ci hui yue du chuan lian ji yi@f黎小说主编 |
| 210 | @a上海@c上海世界图书出版公司@d2006 | |
| 215 | @a575页@d19cm | |
| 225 | 1 | @aBSK大学英语四六级词汇系列 |
| 308 | @a丛书主编:黎小说 | |
| 330 | @a该书为了让读者在背单词的同时获取更多信息,本书特别设了两个栏目:开心一刻让你笑口常开;真题词汇突破让你体会沙场练兵、真题实战的快感。轻松与紧张相交递,顺利攻克六级词汇阅读。 | |
| 606 | 0 | @a英语@x词汇@x记忆术@x高等学校@j自学参考资料 |
| 606 | 0 | @a词汇 |
| 606 | 0 | @a记忆术 |
| 606 | 0 | @a英语 |
| 690 | @aH313.1@v4 | |
| 701 | 0 | @a黎小说@Ali xiao shuo@4主编 |
| 801 | 0 | @aCN@c20071015 |
| 905 | @dH313.1@eL111 | |
| 新六级词汇阅读串联记忆/黎小说主编.-上海:上海世界图书出版公司,2006 |
| 575页;19cm.-(BSK大学英语四六级词汇系列) |
| ISBN 7-5062-8543-6:CNY16.80 |
| 该书为了让读者在背单词的同时获取更多信息,本书特别设了两个栏目:开心一刻让你笑口常开;真题词汇突破让你体会沙场练兵、真题实战的快感。轻松与紧张相交递,顺利攻克六级词汇阅读。 |
| ● |
| 相关链接 |
|
|
|
正题名:新六级词汇阅读串联记忆
索取号:H313.1/L111
 
预约/预借
| 序号 | 登录号 | 条形码 | 馆藏地/架位号 | 状态 | 备注 |
| 1 | 650802 | 206508028 | 语言库209/209语言库 32排5列3层/ [索取号:H313.1/L111] | 在馆 | |
| 2 | 650803 | 206508037 | 语言库209/209语言库 32排1列3层/ [索取号:H313.1/L111] | 在馆 | |
| 3 | 650804 | 206508046 | 语言库209/209语言库 32排5列3层/ [索取号:H313.1/L111] | 在馆 |